Statistics for Washington Cities That Start With R

Click here to take the quiz!

General Stats

  • This quiz has been taken 8 times
  • The average score is 5 of 17

Answer Stats

#CountyCity or TownTypePopulationCity% Correct
196ThurstonCityCode2,696Rainier
67%
197PacificCityCode3,257Raymond
33%
199KingCityCode82,574Redmond
33%
200KingCityCode102,082Renton
33%
201FerryCityCode (county seat)1,090Republic
33%
202BentonCityFirst Class64,254Richland
33%
203ClarkCityCode16,720Ridgefield
33%
204AdamsCitySecond Class (county seat)1,680Ritzville
33%
205OkanoganTown323Riverside
33%
207DouglasCityCode1,543Rock Island
33%
209KittitasCityCode979Roslyn
33%
210PierceCityCode796Roy
33%
211GrantCity1,848Royal City
33%
212PierceCityCode1,051Ruston
33%
198LincolnTown709Reardan
0%
206SpokaneTown591Rockford
0%
208WhitmanTown668Rosalia
0%

Score Distribution

Percentile by Number Answered

Percent of People with Each Score

Your Score History

You have not taken this quiz